| 000 | 01025nam a2200289 a 4500 | ||
|---|---|---|---|
| 001 | 000029402 | ||
| 003 | DO-SdBNP | ||
| 005 | 20221018105431.0 | ||
| 007 | ta | ||
| 008 | 110415s2006 dr a 001 0dspa d | ||
| 020 | _z9945859609 | ||
| 040 |
_aDO-SdBNP _bspa _cBNPHU |
||
| 082 | 4 |
_a759.97293 _bM839y _222 |
|
| 245 | 0 | 0 |
_aYoryi Morel : _bautonomía y trascendencia. |
| 260 |
_aSantiago de los Caballeros, República Dominicana : _bCentro León, _c2006. |
||
| 300 |
_a231 p. : _bil. ; _c25 cm. |
||
| 500 | _aIncluye cronología de Yoryi Morel: p. 214-221. | ||
| 500 | _aIncluye síntesis biográfica de Yoryi Morel: p. 222-223. | ||
| 500 | _aIncluye catálogo de obras de Yoryi Morel: p.224-229. | ||
| 504 | _aBibliografía : p. 230-231. | ||
| 590 | _aInventariado, 2018/LP | ||
| 600 | 1 | 4 |
_aMOREL, YORYI, 1906-1979 _xEXPOSICIONES _956274 |
| 650 | 4 |
_aPintura dominicana _xExposiciones _955174 |
|
| 650 | 4 |
_aPintores dominicanos _xExposiciones _954390 |
|
| 910 | _aValidado. Control de calidad EMS | ||
| 942 |
_2ddc _cLBS1 |
||
| 999 |
_c28894 _d28894 |
||